Autonomous district council and tribal welfare (Record no. 10619)

MARC details
000 -LEADER
fixed length control field 00550cam a2200205ua 4500
001 - CONTROL NUMBER
control field 11837
005 - DATE AND TIME OF LATEST TRANSACTION
control field 20260515114815.0
008 - FIXED-LENGTH DATA ELEMENTS--GENERAL INFORMATION
fixed length control field 191111n ii |||gr||||Z||||||eng
020 ## - INTERNATIONAL STANDARD BOOK NUMBER
International Standard Book Number 9789351280439
040 ## - CATALOGING SOURCE
Transcribing agency MAIN
082 ## - DEWEY DECIMAL CLASSIFICATION NUMBER
Classification number 305.800954
100 ## - MAIN ENTRY--PERSONAL NAME
Personal name Sukanta Sarkar,
Relator term Author.
245 ## - TITLE STATEMENT
Title Autonomous district council and tribal welfare
Statement of responsibility, etc. By Sukanta sarkar
250 ## - EDITION STATEMENT
Edition statement 1st ed.
260 ## - PUBLICATION, DISTRIBUTION, ETC.
Place of publication, distribution, etc. Delhi:
Name of publisher, distributor, etc. Kalpaz publications,
Date of publication, distribution, etc. 2014.
300 ## - PHYSICAL DESCRIPTION
Extent 320p.
653 ## - INDEX TERM--UNCONTROLLED
Uncontrolled term Social groups
700 ## - ADDED ENTRY--PERSONAL NAME
Personal name Suman Kalyan Chaudhury,
Relator term Author.
942 ## - ADDED ENTRY ELEMENTS (KOHA)
Koha item type Books
Holdings
Withdrawn status Lost status Damaged status Not for loan Home library Current library Shelving location Date acquired Total checkouts Full call number Barcode Date last seen Copy number Price effective from Koha item type
        Naharkatiya College Library Naharkatiya College Library General stacks 09/19/2020   305.800954sociology | SAR 24847 09/19/2020 1 09/19/2020 Books